[Event "Rodovre-ch A"]
[Site "Rodovre"]
[Date "2004.09.28"]
[Round "5"]
[White "Hejberg, Carsten"]
[Black "Petersen, Johan"]
[Result "1-0"]
[WhiteElo "1905"]
[BlackElo "1759"]
[PlyCount "85"]
[EventDate "2004.08.31"]
[EventType "tourn"]
[EventRounds "7"]
[EventCountry "DEN"]
[SourceTitle "EXT 2023"]
[Source "ChessBase"]
[SourceDate "2022.10.05"]
[SourceVersion "1"]
[SourceVersionDate "2022.10.05"]
[SourceQuality "1"]

1. d4 Nf6 2. c4 c5 3. d5 b5 4. cxb5 a6 5. f3 d6 6. e4 g6 7. Na3 Bg7 8. Ne2 0-0 9. Nc3 Nfd7 10. Be2 Nb6 11. 0-0 Bd7 12. Qc2 Bd4+ 13. Kh1 Qc7 14. bxa6 Bxc3 15. bxc3 Nxa6 16. Nb5 Qd8 17. Bh6 Re8 18. c4 Nb4 19. Qc3 f6 20. a3 Na6 21. f4 Nc7 22. Rfb1 Nxb5 23. cxb5 Ra4 24. Bd3 Qa8 25. Bc2 Ra5 26. a4 Kf7 27. h4 Rg8 28. h5 Bg4 29. Bb3 gxh5 30. f5 Rc8 31. Bc2 Qa7 32. Bd2 Ra8 33. Qg3 Rg8 34. Bxa5 Qxa5 35. Qe1 Qa8 36. a5 Nc4 37. b6 Ne5 38. b7 Qa7 39. a6 c4 40. Qg1 Qxg1+ 41. Rxg1 Be2 42. Bd1 Rg4 43. g3 1-0

[Event "Koge Bugt"]
[Site "Koge"]
[Date "2003.09.17"]
[Round "6"]
[White "Petersen, Johan"]
[Black "Jorgensen, Dennis"]
[Result "1-0"]
[WhiteElo "1759"]
[BlackElo "1600"]
[PlyCount "91"]
[EventDate "2003.08.13"]
[EventType "tourn"]
[EventRounds "7"]
[EventCountry "DEN"]
[SourceTitle "EXT 2023"]
[Source "ChessBase"]
[SourceDate "2022.10.05"]
[SourceVersion "1"]
[SourceVersionDate "2022.10.05"]
[SourceQuality "1"]

1. b4 e6 2. Bb2 Nf6 3. b5 b6 4. e3 Bb7 5. Nf3 c5 6. d3 Be7 7. Be2 0-0 8. 0-0 d5 9. Nbd2 Nbd7 10. c4 Qc7 11. a4 a6 12. Qc2 Rfd8 13. Ne1 Ne5 14. Ndf3 Ng6 15. g3 dxc4 16. dxc4 Be4 17. Qb3 a5 18. Ng5 Bb7 19. f3 Nh5 20. f4 Nxg3 21. hxg3 Bxg5 22. e4 Be7 23. Qe3 Bd6 24. e5 Bf8 25. Bg4 Re8 26. Ra2 Rad8 27. Bc3 Ne7 28. Rh2 Nf5 29. Bxf5 exf5 30. Qe2 g6 31. Nf3 Qd7 32. Rxh7 Bxf3 33. Qh2 Bg7 34. Rxg7+ Kxg7 35. e6+ f6 36. exd7 Rxd7 37. Rxf3 Rd1+ 38. Rf1 Rd3 39. Rc1 Ree3 40. Be1 Ra3 41. Rd1 Re7 42. Bf2 Rxa4 43. Rd8 Kf7 44. Qh7+ Ke6 45. Qg8+ Rf7 46. Re8+ 1-0

[Event "Koge Bugt"]
[Site "Koge"]
[Date "2003.09.03"]
[Round "4"]
[White "Christensen, Verner"]
[Black "Petersen, Johan"]
[Result "1/2-1/2"]
[WhiteElo "1803"]
[BlackElo "1759"]
[PlyCount "38"]
[EventDate "2003.08.13"]
[EventType "tourn"]
[EventRounds "7"]
[EventCountry "DEN"]
[SourceTitle "EXT 2023"]
[Source "ChessBase"]
[SourceDate "2022.10.05"]
[SourceVersion "1"]
[SourceVersionDate "2022.10.05"]
[SourceQuality "1"]

1. e4 d5 2. exd5 Qxd5 3. Nc3 Qa5 4. d4 Bf5 5. Nf3 c6 6. Ne5 Nf6 7. Bc4 e6 8. 0-0 Nbd7 9. Bd2 Qc7 10. Qe2 Nb6 11. Bb3 0-0-0 12. Be3 Bd6 13. f4 h5 14. Kh1 Rdg8 15. a4 Nbd5 16. a5 h4 17. a6 b6 18. Na4 Bxe5 19. dxe5 Nd7 1/2-1/2

[Event "Koge Bugt"]
[Site "Koge"]
[Date "2003.08.13"]
[Round "1"]
[White "Rasmussen, Christian Ejner"]
[Black "Petersen, Johan"]
[Result "0-1"]
[WhiteElo "1661"]
[BlackElo "1759"]
[PlyCount "70"]
[EventDate "2003.08.13"]
[EventType "tourn"]
[EventRounds "7"]
[EventCountry "DEN"]
[SourceTitle "EXT 2023"]
[Source "ChessBase"]
[SourceDate "2022.10.05"]
[SourceVersion "1"]
[SourceVersionDate "2022.10.05"]
[SourceQuality "1"]

1. d4 Nf6 2. Nc3 c5 3. dxc5 e6 4. Nf3 Bxc5 5. e3 a6 6. Bd3 Nc6 7. a3 Qc7 8. 0-0 b5 9. b4 Ba7 10. Bb2 Bb8 11. Ne2 d5 12. Bxf6 gxf6 13. e4 d4 14. Rc1 e5 15. c3 dxc3 16. Rxc3 Qb6 17. Qd2 Bg4 18. Rfc1 Ne7 19. Nh4 Ba7 20. Ng3 Rd8 21. Qc2 0-0 22. Nhf5 Nxf5 23. exf5 h5 24. h3 h4 25. Ne4 Rxd3 26. Rxd3 Bxf5 27. Rf3 Rc8 28. Rc3 Rxc3 29. Nxf6+ Qxf6 30. Qxc3 Qg5 31. Re1 Bd4 32. Qb3 Qg6 33. Rc1 Be4 34. g3 hxg3 35. Kf1 Bd3+ 0-1